Statistiques concernant 70 personnages de Pretty Little Liars en 7 minutes

Cliquez ici pour prendre le quiz!

Statistiques générales

  • Ce quiz a été pris 685 fois
  • Le résultat moyen est 28 sur 70

Statistiques - réponses

HintRéponse% Correct
2Hanna
100%
3Spencer
100%
1Aria
99%
4Emily
98%
5Alison
97%
8Toby
95%
9Ezra
93%
10Caleb
92%
6Mona
92%
7Jenna
83%
12Charlotte
82%
27Melissa
81%
32Jason
79%
15Ella
76%
13Maya
75%
18Ashley
73%
30Mike
73%
11Paige
73%
22Pam
65%
16Byron
64%
25Ian
61%
14Veronica
61%
26Wren
59%
29Noel
56%
28Lucas
55%
37Alex Drake
53%
36Sean
50%
17Peter
49%
19Tom
47%
33Garrett
43%
31Wilden
43%
56Jake
35%
59Sara Harvey
33%
35Samara
29%
21Kate
27%
23Wayne
26%
67Anne Sullivan
25%
38Meredith
25%
24Ted
25%
42Maggie
22%
41Shana
22%
52Sydney
22%
50Travis Hobbs
22%
49Gabriel Holbrook
19%
48Linda Tanner
19%
43Nate
19%
34Jackie
18%
68Marco Furey
18%
44Wesley
18%
62Liam Greene
16%
39Holden
15%
60Nicole Gordon
15%
58Elliot Rollins
14%
20Isabelle
11%
63Jordan Hobart
11%
61Yvonne Phillips
11%
65Sabrina
10%
64Lorenzo Calderon
8%
55Talia Sandoval
7%
40Zack
6%
69Addison Derringer
5%
45Malcolm
5%
57Cyrus Petrillo
4%
51Carla
3%
46Dianne Fitzgerald
3%
47Eddie Lamb
3%
53Jonny Raymond
3%
70Hackett
2%
66Clark Wilkins
1%
54Cindy
0%

Distribution des résultats

Percentile par nombre de réponses

% des personnes avec chaque résultat

Votre développement - résultats

Vous n’avez pas pris ce quiz